000 00578nam a2200181 a 4500
001 000043349
005 20201002040833.0
008 140310s1976 sp ac 000 0 spa d
020 _a8432056251
040 _aDO-SdBNP
_bspa
_cBNPHU
082 _axxx
_bxxx
100 1 _aFranco Salgado-Araujo, Francisco,
_d1890-1975.
_970990
245 1 0 _aMis conversaciones privadas con Franco /
_cFrancisco Franco Salgado-Araujo.
260 _aBarcelona :
_bPlaneta,
_c1976.
300 _a564 p. :
_bil. ;
_c25 cm.
490 1 _aEspejo de España
_v25
830 0 _aEspejo de España ;
_n25
_970991
999 _c42838
_d42838